História : Unikátny obrazový sprievodca od počiatkov civilizácie po dnešok /

Guardado en:
Detalles Bibliográficos
Formato: Libro
Lenguaje:eslovaco
Publicado: Bratislava : Ikar, 2020
Edición:3. doplnené a revidované vydanie
Etiquetas: Agregar Etiqueta
Sin Etiquetas, Sea el primero en etiquetar este registro!

MARC

LEADER 00000nam a22000003a 4500
001 0084262
003 SK-STU
005 20201110094524.9
007 ta
008 201110s ----xo-----e------000-0-----d
020 |a 978-80-551-7515-7 
040 |a STU  |b slo 
041 0 |a slo 
044 |a xo 
100 1 |a Hart-Devis, Adam  |4 lso  |r Z6 
245 1 0 |a História :  |b Unikátny obrazový sprievodca od počiatkov civilizácie po dnešok /  |c Adam Hart-Devis 
250 |a 3. doplnené a revidované vydanie 
260 |a Bratislava :  |b Ikar,  |c 2020 
300 |a 620 s. 
996 |b 284EK90214  |c E*90214  |l EE0101  |s P  |a 0  |w 0084262_0001